logo

Bir Sreshtho Munshi Abdur Rouf Library
Jhenaidah Cadet College

যথাশব্দ / (Record no. 3316)

MARC details
000 -LEADER
fixed length control field 00670nam a2200217 a 4500
001 - CONTROL NUMBER
JCCL Control Number 3316
003 - CONTROL NUMBER IDENTIFIER
JCCL marc code BD-JhCC
005 - DATE AND TIME OF LATEST TRANSACTION
control field 20220803134023.0
008 - FIXED-LENGTH DATA ELEMENTS--GENERAL INFORMATION
fixed length control field 171112s1974 bg |||| ||a| 000 0 ben d
035 ## - SYSTEM CONTROL NUMBER
system control number (BD-JhCC)3316
040 ## - CATALOGING SOURCE
Original cataloging agency BD-JhCC
Modifying agency BD-JhCC
041 ## - LANGUAGE CODE
Language code of Book ben
082 ## - DEWEY DECIMAL CLASSIFICATION NUMBER
Classification number 491.44
Author mark and Year RAH 1974
100 ## - MAIN ENTRY--PERSONAL NAME
Personal name রহমান, মুহাম্মদ হাবিবুর
245 ## - TITLE STATEMENT
Title যথাশব্দ /
Statement of responsibility, etc মুহাম্মদ হাবিবুর রহমান
260 ## - PUBLICATION, DISTRIBUTION, ETC. (IMPRINT)
Place of publication, distribution, etc ঢাকা :
Name of publisher, distributor, etc বাংলা একাডেমী,
Date of publication, distribution, etc ১৯৭৪.
300 ## - PHYSICAL DESCRIPTION
Pagination 465 p. :
Dimensions 21 cm.
650 ## - SUBJECT ADDED ENTRY--TOPICAL TERM
Topical term or geographic name as entry element Bengali Words
942 ## - ADDED ENTRY ELEMENTS (KOHA)
Source of classification or shelving scheme Dewey Decimal Classification
Koha item type Books
Koha issues (borrowed), all copies 2
Holdings
Source of classification or shelving scheme Damaged status Not for loan Home library Current library Shelving location Date of accession Cost, normal purchase price Total Checkouts Full call number Barcode Date last seen Copy number Koha item type Date checked out
Dewey Decimal Classification     JCC Rouf Library JCC Rouf Library General Stacks 11/12/2017 25.00   491.44 RAH 1974 5193 11/12/2017 C-1 Books  
Dewey Decimal Classification     JCC Rouf Library JCC Rouf Library General Stacks 04/21/2018     491.44 RAH 1974 13344 04/21/2018 C-2 Books  
Dewey Decimal Classification     JCC Rouf Library JCC Rouf Library General Stacks 06/01/2021 510.00 1 491.44 RAH 2018 16663 08/17/2022 C-3 Books 08/02/2022

JCC Library | Contacts | JCC Home

Last Update on 23 September 2017
Copyright @ 2017-2020 JCC Rouf Library
Rouf Library, Jhenidah Cadet College (JCC), Bangladesh